| 000 | 01228nam a2200277 i 4500 | ||
|---|---|---|---|
| 001 | 189218 | ||
| 003 | ES-MaACL | ||
| 005 | 20240104172310.0 | ||
| 008 | 190426s2017 sp a |||| | spa d | ||
| 080 | _a323.281(460.285 El Real de San Vicente)"1936/39" | ||
| 080 | _a94(460.285 El Real de San Vicente)"1936/39" | ||
| 245 | 0 | 0 |
_aIn memoriam, 1936-1939 : _bEl Real de San Vicente (Toledo) / _c[colaboran, Jorge Luis Martín Sánchez ... et al. ; coordina, Ayto. de El Real de San Vicente]. |
| 250 | _a1ª ed. | ||
| 260 |
_a[El Real de San Vicente] : _bAyuntamiento de El Real de San Vicente, _c2017. |
||
| 300 |
_a115 p. : _bil. ; _c21 cm. |
||
| 500 | _aApéndice documental. | ||
| 504 | _aBibliografía: p. 109. | ||
| 650 | 4 |
_aRepresión política- _zToledo (Provincia)- _y1936-1939. _9174033 |
|
| 651 | 4 |
_aToledo (Provinvia)- _xHistoria- _y1936-1939. _99449 |
|
| 651 | 4 |
_aEl Real de San Vicente- _xHistoria. _9174034 |
|
| 700 | 1 |
_aMartín Sánchez, Jorge Luis. _9174035 |
|
| 852 | 4 |
_aES-MaACL _jA-14507 _9196356 _bR.152077 _cDEPO1 _dOlim: N-7507 _gDedicatoria autógrafa del autor _hDonación: Juan Iglesias Roldán |
|
| 903 |
_9234840 _aIglesias Roldán, Juan _ednr |
||
| 942 |
_2udc _cMONOGRAFIA |
||
| 999 |
_c189218 _d189218 |
||